000 01524namaa22003491i 4500
005 20260610143538.0
008 260610s1994 ua a|||frm||| 00| 0 eng d
040 _aEG-GICUC
_beng
_cEG-GICUC
_dEG-GICUC
_erda
041 0 _aeng
_beng
_bara
049 _aDeposit
097 _aM.Sc
099 _aCai01.11.18.M.Sc.1994.Ma.E
100 0 _aMahmoud Mahmoud Farag El Okda
_epreparation.
245 1 0 _aEffect of selerotherapy on portal haemodynamics /
_cBy Mahmoud Mahmoud Farag El Okda ; Supervised By Prof. Dr. Mohamed Reda Awadin, Prof. Dr. Aly Mamdouh El Ashmawy, Dr. Sahar Abd El Rahman Nassif
246 1 5 _aتأثير حقن الدوالى على الدورة البابية
264 0 _c1994.
300 _a253 pages :
_billustrations ;
_c30 cm. +
336 _2rda content
_atext
337 _2rdamedia
_aUnmediated
338 _2rdacarrier
_avolume
502 _aThesis (M.Sc.)-Cairo University, 1994.
504 _aBibliography: pages 211-253
653 0 _ainternal medicine
653 0 _aselerotherapy
653 0 _ahaemodynamics
700 0 _aProf. Dr. Mohamed Reda Awadin.
_ethesis advisor.
700 0 _aProf. Dr. Aly Mamdouh El Ashmawy
_ethesis advisor.
700 0 _aDr. Sahar Abd El Rahman Nassif
_ethesis advisor.
900 _DDepartment of internal medicine
_FFaculty of medicine
_UCairo University
_b1994.
_cProf. Dr. Mohamed Reda Awadin
_cProf. Dr. Aly Mamdouh El Ashmawy
_cDr. Sahar Abd El Rahman Nassif
_dProf. Dr. Mohamed Reda Awadin
905 _aNermeen-A
942 _2ddc
_cTH
_e21
_n0
999 _c180489